| 000 | 01117nam a22003257a 4500 | ||
|---|---|---|---|
| 003 | CHAP | ||
| 005 | 20220329134958.0 | ||
| 008 | 971013s1957 r 00010 d | ||
| 010 | _a28980 | ||
| 011 | _a29952 | ||
| 035 | _a34063 | ||
| 040 | _cCHAP | ||
| 090 | _aTesis | ||
| 100 | 0 | 0 |
_aLemairé Carriés, Gerald. _965934 |
| 245 | _aConsideraciones sobre las condiciones de salinidad de los suelos del Distrito de riego del Alto Río Lerma, Gto. | ||
| 260 |
_a(s.l.) : _bEl autor, _c1957 |
||
| 300 |
_a38 h. _b: ilus. |
||
| 502 | _aTesis (Ing. Agr. Esp. en Irrigación) -- ENA. Departamento de Irrigación | ||
| 590 |
_aALEPH _b10 _c20130110 _lUCH01 _h1250 |
||
| 590 |
_aBATCH-UPD _b10 _c20130110 _lUCH01 _h1855 |
||
| 590 |
_aBATCH-UPD _b10 _c20130410 _lUCH01 _h1223 |
||
| 590 |
_aBATCH-UPD _b10 _c20130914 _lUCH01 _h1737 |
||
| 590 |
_aCONVERSION _b10 _c20130109 _lUCH01 _h1317 |
||
| 650 | 1 | 4 |
_aDistrito de Riego Alto Río Lerma, Gto. y Mich. _932841 |
| 650 | 1 | 4 |
_aSuelos salinos. _9110558 |
| 901 | _aBK | ||
| 942 | _cFOLL | ||
| 949 |
_bBC _cTES _d-78957 _eTS1 _i34063 _si |
||
| 949 |
_bBC _cTES _d-78958 _eTS2 _fc.2 _i34063 _si |
||
| 999 |
_c28980 _d28980 |
||